| 000 | 00977cam a2200241 i 4500 | ||
|---|---|---|---|
| 005 | 20160220103101.0 | ||
| 008 | 011203s2000 ck ab b 000 0 spa d | ||
| 020 | _z9586554572 | ||
| 040 |
_aAGL _cAGL _dDLC _dCO-BoIAVH |
||
| 041 | _aspa | ||
| 082 | 0 | 4 |
_a579.509861 _bF82s |
| 100 | 1 | _aFranco-Molano, Ana Esperanza | |
| 245 | 1 | 0 |
_aSetas de Colombia : _bagaricales, boletales et otros hongos : guía de campo / _cAna Esperanza Franco-Molano, Ruth Aldana-Gómez, Roy E. Halling. |
| 260 |
_a[Medellín, Colombia] : _bUniversidad de Antioquia : _bCOLCIENCIAS, _c2000. |
||
| 300 |
_a156 páginas : _bilustraciones y mapas ; _c19 cm. |
||
| 504 | _aIncluye referencias bibliográficas. | ||
| 650 | 1 | 4 |
_aHomgos comestibles _zColombia _vClasificación |
| 650 | 1 | 4 |
_aChampiñones _zColombia _vClasificación |
| 650 | 2 | 4 |
_aChampiñones _zColombia _vIdentificación |
| 700 | 1 | _aAldana-Gómez, Ruth. | |
| 700 | 1 | _aHalling, Roy E. | |
| 942 |
_2ddc _cLIBRO |
||
| 999 |
_c2376 _d2376 |
||